000
00194nam a2200085 4500
001
1255201
005
20251208110705.0
245
_a
HER YERDE SENİ ARADIM
_c
ÖMER SEVİNÇGÜL
260
_b
CARPEDİEM
999
_c
1255201
_d
1255201